Criminal Victimization in the United States, 1973-88 Trends

Saved in:  
Bibliographic Details
Main Author: Johnson, Joan M. 1956- (Author)
Format: Electronic Research Data Statistics
Language:English
Published: United States Department of Justice, Office of Justice Programs, Bureau of Justice Statistics 1991
In:Enthalten in: A National Crime Survey Report
Online Access: Volltext (lizenzpflichtig)
Volltext (lizenzpflichtig)
Check availability: HBZ Gateway
Keywords:

MARC

LEADER 00000caa a22000002c 4500
001 1912502151
003 DE-627
005 20250127054940.0
007 cr uuu---uuuuu
008 241217s1991 xx |||||os 00| ||eng c
035 |a (DE-627)1912502151 
035 |a (DE-599)KXP1912502151 
040 |a DE-627  |b ger  |c DE-627  |e rda 
041 |a eng 
084 |a 2,1  |2 ssgn 
100 1 |a Johnson, Joan M.  |d 1956-  |e VerfasserIn  |0 (DE-588)172765595  |0 (DE-627)697696715  |0 (DE-576)133622460  |4 aut 
109 |a Johnson, Joan M. 1956-  |a Johnson, Joan Marie 1956-  |a Johnson, Joan Marie Whitaker 1956-  |a Whitaker Johnson, Joan M. 1956- 
245 1 0 |a Criminal Victimization in the United States, 1973-88 Trends 
264 1 |b United States Department of Justice, Office of Justice Programs, Bureau of Justice Statistics  |c 1991 
336 |a Text  |b txt  |2 rdacontent 
337 |a Computermedien  |b c  |2 rdamedia 
338 |a Online-Ressource  |b cr  |2 rdacarrier 
655 7 |a Statistik  |0 (DE-588)4056995-0  |0 (DE-627)106152955  |0 (DE-576)209119799  |2 gnd-content 
655 7 |a Forschungsdaten  |0 (DE-588)1098579690  |0 (DE-627)857755366  |0 (DE-576)469182156  |2 gnd-content 
773 0 8 |i Enthalten in  |t A National Crime Survey Report 
787 0 8 |i Forschungsdaten  |a United States Department of Justice. Office of Justice Programs. Bureau of Justice Statistics  |t National Crime Surveys: National Sample, 1979-1987 (Revised Questionnaire)  |d [Erscheinungsort nicht ermittelbar] : [Verlag nicht ermittelbar], 1987  |w (DE-627)1840066555 
787 0 8 |i Forschungsdaten  |a United States Department of Justice. Office of Justice Programs. Bureau of Justice Statistics  |t National Crime Surveys: National Sample, 1986-1992 (Near-Term Data)  |d [Erscheinungsort nicht ermittelbar] : [Verlag nicht ermittelbar], 1990  |w (DE-627)1840067217 
787 0 8 |i Forschungsdaten  |a United States Department of Justice. Office of Justice Programs. Bureau of Justice Statistics  |t National Crime Surveys: National Sample, 1973-1983  |d [Erscheinungsort nicht ermittelbar] : [Verlag nicht ermittelbar], 1984  |w (DE-627)1840067454 
856 4 0 |u https://bjs.ojp.gov/redirect-legacy/index.cfm?ty=pbdetail&iid=3909  |x Verlag  |z lizenzpflichtig  |3 Volltext  |7 1 
856 4 0 |u https://bjs.ojp.gov/redirect-legacy/content/pub/pdf/cvus-7388t.pdf  |q application/pdf  |x Verlag  |z lizenzpflichtig  |3 Volltext  |7 1 
935 |a mkri 
951 |a AR 
ELC |a 1 
LOK |0 000 xxxxxcx a22 zn 4500 
LOK |0 001 4637467659 
LOK |0 003 DE-627 
LOK |0 004 1912502151 
LOK |0 005 20241217044302 
LOK |0 008 241217||||||||||||||||ger||||||| 
LOK |0 035   |a (DE-2619)ICPSR116769 
LOK |0 040   |a DE-2619  |c DE-627  |d DE-2619 
LOK |0 092   |o n 
LOK |0 852   |a DE-2619 
LOK |0 852 1  |9 00 
LOK |0 935   |a uvkn  |a foda  |a nacp 
LOK |0 939   |a 17-12-24  |b l01 
ORI |a SA-MARC-krimdoka001.raw